000 01061nam a2200301Ia 4500
001 25377
003 IT-RoPAU
008 130308s9999 xx 000 0 und d
040 _aIT-RoPAU
040 _cIT-RoPAU
041 _aFRANCESE
100 _aBoudon Pierre
100 _gCodice Aut. SPICS: 11833
245 _aIntroduction a une semiotique des lieux-ecriture, craphisme, architecture
245 _bIntroduction a Une Semiotique des Lieux-Ecriture, Graphisme, Architecture
250 _a1a ed.
260 _aMONTREAL
260 _bPresses Universitaires
260 _c1981 [1° Ed.:1981 - Ed.Ling.Originale:1981]
300 _a"290 p. (prefazione: no ; testo: 290)"
500 _aIntroduzione a una Semiotica dei luoghi Scrittura Grafismo Architettura Grammatiche Iconografiche Concetto di figurazione prime Definizioni di Luogo Scenografie Campo e piano Punto di Vista Reale immaginario topico e Iconico
650 _aSEMIOLOGIA
650 _eCodice materia Spics: 3251
942 _cBK
957 _71
999 _c66052
_d66052
999 _bSI
999 _g1